000 00408nam a2200181Ia 4500
005 20250423101501.0
008 250422s9999 xx 000 0 und d
020 _a978-0-34577-9
050 _aPS3602.E764V46
100 _aSteve Berry
245 4 _aThe Venetian Betrayal
260 _aNew York
260 _bBallantine Books
260 _c2007
300 _a467 p
650 _aA Novel
942 _cBK
999 _c36421
_d36421